00894cam a2200217 a 450000100100000000500170001000800410002702000150006804000290008308200180011210000420013024500780017226000730025030000280032349000450035150400550039665000660045165000560051765000570057383000460063000001011120200929161840.0930806s1989 sp a b 001 pdspa d a8478200282 aDO-SdBNPbspacIUdBNPHU a861.64bL869p1 aLorenzo de Blancas, Benedicto.d1920-10aPoetas aragoneses :bel grupo del Niké /cBenedicto Lorenzo de Blancas. aZaragoza, (España) :bInstitución Fernando el Católico,c1989. a127 p. :bil. ;c22 cm.1 aInstitucion Fernando el Católicov1190 aIncluye referencias bibliográficas (p. 125-127). 4aPoesía españolazEspañazAragónxHistoria y crítica 4aPoesía españolaySIGLO XXxHistoria y crítica 4aPoetas españoleszEspañazAragónxBi0grafías 0aInstitucion Fernando el Catolico ;v1190.